Normal view
MARC view
Entry Personal Name
001 - CONTROL NUMBER
- control field: 15023
003 - CONTROL NUMBER IDENTIFIER
- control field: OSt
005 - DATE AND TIME OF LATEST TRANSACTION
- control field: 20220128102725.0
008 - FIXED-LENGTH DATA ELEMENTS
- fixed length control field: 220128|| aca||aabn | a|a d
040 ## - CATALOGING SOURCE
- Original cataloging agency: OSt
- Transcribing agency: OSt
100 ## - HEADING--PERSONAL NAME
- Personal name: KOLENCHERRY (Antony) Ed
670 ## - SOURCE DATA FOUND
- Source citation: Work cat.: (OSt): Antony Kolencherry Ed 15016, Prayer and Surrender to God, 1996